Loading...
| Science - Physics | 0 | 8 | 1 | 1 | 75 | 28 | 71.38 | 4 | 7 | 0.00 | 0.00 |
| Science - Chemistry | 0 | 7 | 0 | 1 | 70 | 45 | 71.14 | 5 | 6 | 0.00 | 0.00 |
| Fine Arts - Painting and Sculpture | 0 | 7 | 1 | 0 | 65 | 37 | 68.86 | 4 | 6 | 0.00 | 0.00 |
| Literature - American | 0 | 5 | 0 | 0 | 50 | 47 | 72.40 | 4 | 5 | 0.00 | 0.00 |
| Science - Biology | 0 | 5 | 1 | 1 | 45 | 53 | 78.20 | 2 | 4 | 0.00 | 0.00 |
| Literature - World | 0 | 5 | 2 | 1 | 40 | 109 | 114.40 | 1 | 4 | 0.00 | 0.00 |
| Literature - British | 0 | 5 | 2 | 0 | 40 | 64 | 88.00 | 1 | 4 | 0.00 | 0.00 |
| Science - Other | 0 | 4 | 0 | 0 | 40 | 70 | 83.75 | 0 | 1 | 0.00 | 0.00 |
| Literature - European | 0 | 3 | 2 | 0 | 20 | 37 | 68.67 | 3 | 3 | 0.00 | 0.00 |
| Social Science | 0 | 1 | 0 | 0 | 10 | 106 | 106.00 | 1 | 1 | 0.00 | 0.00 |
| Mythology | 0 | 1 | 0 | 0 | 10 | 51 | 51.00 | 1 | 1 | 0.00 | 0.00 |
| Fine Arts - Classical Music | 0 | 1 | 0 | 0 | 10 | 91 | 91.00 | 0 | 1 | 0.00 | 0.00 |
| Fine Arts - Other | 0 | 1 | 1 | 0 | 5 | 45 | 45.00 | 1 | 1 | 0.00 | 0.00 |